000 00683nam a22002297a 4500
003 UA-OsUOA
001 118016
007 ta
008 20160704b un ||||| |||| 00| 0 ukr d
100 _aМельник Т.М.
700 _aПугачевська К.С.
090 _a330(477)
_bМ48
942 _cSA
040 _aUA-OsUOA
_bukr
_cUA-OsUOA
_dUA-OsUOA
245 _aІмпотрозалежність економіки України і пріоритети селективного імпортозаміщення
300 _aС.29-45
955 _a0
041 _aukr
080 _a330(477)
773 0 _w118013
650 7 _a330 Економіка взагалі
_2UDC
999 _c404059
_d404059